A New Typology of Men who Perpetrate Intimate Partner Violence: Differentiating Perpetrators Based on Criminal History and Antisocial Attitudes

Latent class analysis was used to create a typology of men who had perpetrated intimate partner violence (IPV) (n = 7,781) using data collected with the Service Planning Instrument (SPIn). Perpetrators were classified using variables empirically demonstrated to be related to recidivism risk. The res...

Ausführliche Beschreibung

Gespeichert in:  
Bibliographische Detailangaben
VerfasserInnen: Giesbrecht, Crystal J. (Verfasst von) ; Keown, Leslie Anne (Verfasst von) ; Bruer, Kaila C. (Verfasst von)
Medienart: Elektronisch Aufsatz
Sprache:Englisch
Veröffentlicht: 2025
In: Criminal justice and behavior
Jahr: 2025, Band: 52, Heft: 12, Seiten: 1873-1892
Online-Zugang: Volltext (kostenfrei)
Verfügbarkeit prüfen: HBZ Gateway
Schlagwörter:

MARC

LEADER 00000caa a22000002c 4500
001 1940264596
003 DE-627
005 20251217141733.0
007 cr uuu---uuuuu
008 251105s2025 xx |||||o 00| ||eng c
024 7 |a 10.1177/00938548251362812  |2 doi 
035 |a (DE-627)1940264596 
035 |a (DE-599)KXP1940264596 
040 |a DE-627  |b ger  |c DE-627  |e rda 
041 |a eng 
084 |a 2,1  |2 ssgn 
100 1 |a Giesbrecht, Crystal J.  |e VerfasserIn  |0 (orcid)0000-0003-3660-6971  |4 aut 
245 1 2 |a A New Typology of Men who Perpetrate Intimate Partner Violence: Differentiating Perpetrators Based on Criminal History and Antisocial Attitudes 
264 1 |c 2025 
336 |a Text  |b txt  |2 rdacontent 
337 |a Computermedien  |b c  |2 rdamedia 
338 |a Online-Ressource  |b cr  |2 rdacarrier 
520 |a Latent class analysis was used to create a typology of men who had perpetrated intimate partner violence (IPV) (n = 7,781) using data collected with the Service Planning Instrument (SPIn). Perpetrators were classified using variables empirically demonstrated to be related to recidivism risk. The resulting typology includes three classes: High Criminal History—High Antisocial Attitudes (18.5%; n = 1,439), High Criminal History—Low Antisocial Attitudes (51.6%; n = 4,015), and Low Criminal History—Low Antisocial Attitudes (29.9%; n = 2,327). The three classes were compared on additional risk factors and four recidivism outcomes at 1 and 3 years. High Criminal History—High Antisocial Attitudes perpetrators displayed the highest prevalence of risk factors and the highest rate of all recidivism outcomes, the Low Criminal History—Low Antisocial Attitudes class had the lowest rates, and the High Criminal History—Low Antisocial Attitudes class scored intermediate to the other classes. 
650 4 |a Perpetrators 
650 4 |a Recidivism 
650 4 |a Latent Class Analysis 
650 4 |a Typology 
650 4 |a Domestic Violence 
650 4 |a Intimate Partner Violence 
700 1 |a Keown, Leslie Anne  |e VerfasserIn  |4 aut 
700 1 |a Bruer, Kaila C.  |e VerfasserIn  |0 (orcid)0000-0002-9993-6524  |4 aut 
773 0 8 |i Enthalten in  |t Criminal justice and behavior  |d Thousand Oaks, Calif. [u.a.] : Sage Publications, 1974  |g 52(2025), 12, Seite 1873-1892  |h Online-Ressource  |w (DE-627)306656345  |w (DE-600)1500128-3  |w (DE-576)081985487  |x 1552-3594  |7 nnas 
773 1 8 |g volume:52  |g year:2025  |g number:12  |g pages:1873-1892 
856 |u https://journals.sagepub.com/doi/pdf/10.1177/00938548251362812  |x unpaywall  |z Vermutlich kostenfreier Zugang  |h publisher [deprecated] 
856 4 0 |u https://doi.org/10.1177/00938548251362812  |x Resolving-System  |z kostenfrei  |3 Volltext  |7 0 
935 |a mkri 
951 |a AR 
ELC |a 1 
LOK |0 000 xxxxxcx a22 zn 4500 
LOK |0 001 4796708405 
LOK |0 003 DE-627 
LOK |0 004 1940264596 
LOK |0 005 20251105043605 
LOK |0 008 251105||||||||||||||||ger||||||| 
LOK |0 035   |a (DE-2619)KrimDok#2025-11-04#61F255157FDF92B1715996E6C3C062B141F70FE6 
LOK |0 040   |a DE-2619  |c DE-627  |d DE-2619 
LOK |0 092   |o n 
LOK |0 852   |a DE-2619 
LOK |0 852 1  |9 00 
LOK |0 935   |a zota 
LOK |0 939   |a 05-11-25  |b l01 
OAS |a 1 
ORI |a SA-MARC-krimdoka001.raw